Deutsche Marine Schiffspost Part 6 (Record no. 3380)

000 -LEADER
fixed length control field 00578nam a22000977a 4500
008 - FIXED-LENGTH DATA ELEMENTS--GENERAL INFORMATION
fixed length control field 220411b ||||| |||| 00| 0 eng d
100 ## - MAIN ENTRY--AUTHOR'S NAME
Author's Name Crusemann, Friedrich
245 ## - TITLE STATEMENT
Title Deutsche Marine Schiffspost Part 6
260 ## - PUBLICATION, DISTRIBUTION, ETC. (IMPRINT)
Place of publication, distribution, etc. Dusseldorf, Germany
Name of publisher, distributor, etc. Poststempelgilde Rhein-Donau
Date of publication, distribution, etc. 1959
650 ## - TOPICAL TERM (Tag)
Topical term or geographic name Germany. Kriegsmarine. | Germany | Military Mail | Maritime Mail | Postal History | 1895-1914 | Pre-World War I | Postal Service | Postal Markings | Postal Markings -- Naval | Covers | Covers -- Naval | Postal Rates | Postal Laws and Regulations | History | Shipping Companies and Packet Service
Holdings
Withdrawn status Lost status Source of classification or shelving scheme Damaged status Koha normalized classification for sorting Not for loan Collection code Permanent Location Current Location Shelving location Date acquired Total Checkouts Full call number Barcode Date last seen Copy number Price effective from Koha item type Public note
        G6081 M644 C957   Jerry Jensen Collection Northern Philatelic Library Northern Philatelic Library Closed Stacks 04/11/2022   G6081 M644 C957 1005843 04/11/2022 1 04/11/2022 Books Lieferung 6

Powered by Koha